=LDR 00000nam 2200000 4500 =001 INLIS000000000038548 =005 20130612144220 =008 ***********************************Ind** =035 ##$$a0010-061300000038548 =041 ##$$a Ind =082 ##$$a 641.81 =090 ##$$a 641.81, Res k =100 ##$$a Respati, Peni =245 ##$$a Kue Kering hias, Peni Respati =260 ##$$a 2011 $b Jakarta =300 ##$$a vi,86 hlm, Ilus, 25 cm =650 ##$$a Kue Kering =850 ##$$a NBPNMAT =990 ##$$a 21400613/BPAP-NTB/20142014 =990 ##$$a 21400613/BPAP-NTB/20142014